Armádny jubilnat

Bibliographic Details
Main Author: Pospíšilová, Lenka (Author)
Format: Article
Language:Slovak
PhysicalDescription:Obr. 5.
Subjects:

MARC

LEADER 00000nab a2200000 a 4500
001 vtls000099849
003 SK-MaSNL
005 20260304063541.0
008 250422c1981 xo 0 slo
015 |a SNBRB19rr/mm-uuuuu 
035 |a CL0109952 
035 |a urn:nbn:sk:snk-ab1bvn 
035 |a (urnnbn)urn:nbn:sk:snk:ar-001sib 
035 |a (uuid)b0e3e647-c36b-494b-bbc5-6c1cd2487930 
040 |a SNKBUCL  |b slo  |c SNKBUCL  |e AACR2 
041 0 |a slo 
044 |a xo  |c SK 
080 |a 791.43  |2 1981 
100 1 |a Pospíšilová, Lenka  |4 aut  |9 678363 
245 1 0 |a Armádny jubilnat  |c Lenka Pospíšilová 
300 |b Obr. 5. 
650 0 7 |a film armádny  |2 snkbucl  |9 1350127 
650 0 7 |a Československý armádny film  |2 snkbucl  |9 1350128 
655 7 |a články z novín a časopisov  |2 snkbucl  |9 267496 
773 0 |t Film a divadlo  |g Roč. 25, č. 20 (1981), s. 12-13 
850 |a Slovenská národná knižnica 
852 |a Slovenská národná knižnica 
954 |a odborná, vedecká literatúra pôvodná (slovenská)  |2 lita 
958 |a article27 
958 |a OND 
958 |a RK 
958 |a EUIPO 
992 |a RBX 
999 |c 2743066  |d 2744996